Public speaking in an instant : 60 ways to stand up and be heard

Bibliographic Details
Main Author: Bailey, Keith 1945-
Other Authors: Leland, Karen
Format: Book
Published: 153p. , 21cm
Subjects:

MARC

LEADER 00000cam a2200000 7i4500
001 0000136613
005 20100212.0
020 |a 9781601630186 
090 0 0 |a 808.51   |b BAI 
100 1 |a Bailey, Keith   |c 1945- 
245 1 0 |a Public speaking in an instant :   |b 60 ways to stand up and be heard   |c by Keith Bailey and Karen Leland 
260 |a 153p. ,   |c 21cm 
650 0 0 |a Public speaking 
700 1 |a Leland, Karen 
999 |a 00229457   |b BUKU   |c PINJAMAN   |e PERPUSTAKAAN KOMUNITI PETALING JAYA